000 01060nam0a2200337 4500
001 RU\NLR\bibl\290433
005 20250620142114.0
010 _a5-05-005424-9
_940000
021 _aRU
_b2002-13964
_9700
035 _a(NLR Aleph) 000285819
090 _a1673129
_c1673129
100 _a20020723d2002 |||y0rusy50 ca
101 1 _arus
_ceng
102 _aRU
105 _ay |||||||||
200 1 _aГрезы
_eРоман
_fРита Клэй Эстрада
_gПер. с англ. [М. Шебановой]
210 _aМ.
_cРадуга
_d2002
215 _a156,[1] с.
_d17
225 1 _aСерия "Искушение"
_v161
610 0 _aЛюбовь (х. л.)
675 _a821.111(73)-31Эстрада
_v3
_zrus
686 _a17.82
_2rugasnti
686 _a84(7Сое)-44
_2rubbk
686 _aШ6(7США)67-440.4{Лх1979-50}
700 1 _aЭстрада
_bР. К.
_gРита Клэй
_4070
801 0 _aRU
_bRKP
_c20020723
_gPSBO
801 1 _aRU
_bRKP
_c20020723
801 2 _aRU
_bNLR
_c20020826
_grcr
942 _cBOOK
980 _aNB